Terrestrial carbon observation: The Frascati report on in situ carbon data and information 5 - June 2001, Frascati, Italy
Tallennettuna:
| Aineistotyyppi: | Kirja |
|---|---|
| Kieli: | Undetermined |
| Julkaistu: |
Rome, Italy
FAO
2002
|
| Aiheet: | |
| Tagit: |
Lisää tagi
Ei tageja, Lisää ensimmäinen tagi!
|
| Thư viện lưu trữ: | Trung tâm Học liệu Trường Đại học Cần Thơ |
|---|
| LEADER | 00550nam a2200169Ia 4500 | ||
|---|---|---|---|
| 001 | CTU_54051 | ||
| 008 | 210402s9999 xx 000 0 und d | ||
| 082 | |a 577.55 | ||
| 082 | |b T325 | ||
| 245 | 0 | |a Terrestrial carbon observation: | |
| 245 | 4 | |b The Frascati report on in situ carbon data and information 5 - June 2001, Frascati, Italy | |
| 245 | 0 | |c Edited by J. Cihlar, M. Heimann and R. Olson | |
| 260 | |a Rome, Italy | ||
| 260 | |b FAO | ||
| 260 | |c 2002 | ||
| 650 | |a agricultural ecology | ||
| 980 | |a Trung tâm Học liệu Trường Đại học Cần Thơ | ||